Ballon d'Or winners: with hints! - Statistics

General Stats
  • This quiz has been taken 201 times
  • The average score is 166 of 290
Answer Stats
PLAYER % Correct
ARG
94%
Barcelona
94%
BRA
94%
C
94%
Cristiano Ronaldo
94%
Internazionale
94%
L
94%
Lionel Messi
94%
M
94%
Manchester United
94%
no surname
94%
POR
94%
R
94%
Real Madrid
94%
Ronaldo
94%
Milan
87%
BRA
86%
K
86%
Kaká
86%
no surname
86%
Barcelona
85%
no surname
85%
R
85%
Ronaldinho
84%
FRA
81%
Juventus
81%
Z
81%
Zinedine Zidane
81%
ITA
77%
C
76%
F
76%
Real Madrid
74%
CZE
73%
Fabio Cannavaro
73%
ENG
72%
N
72%
P
72%
Juventus
71%
Liverpool
71%
M
71%
O
71%
Barcelona
70%
BRA
70%
Michael Owen
70%
no surname
70%
Pavel Nedvěd
70%
R
70%
Rivaldo
70%
POR
67%
F
66%
L
66%
Real Madrid
66%
UKR
66%
Luís Figo
64%
A
63%
Ajax
63%
Andriy Shevchenko
63%
Barcelona
63%
C
63%
G
63%
J
63%
Johan Cruyff
63%
LBR
63%
M
63%
Milan
63%
NED
63%
S
63%
v
63%
W
63%
George Weah
62%
Marco van Basten
62%
Milan
62%
ESP
61%
B
59%
Bayern Munich
59%
D
59%
FRG
59%
ITA
59%
A
58%
Bayern Munich
58%
D
58%
ESP
58%
F
58%
FRA
58%
Franz Beckenbauer
58%
FRG
58%
Juventus
58%
M
58%
P
58%
Alfredo Di Stéfano
57%
B
57%
Bayern Munich
57%
FRA
57%
G
57%
Gerd Müller
57%
Juventus
57%
M
57%
Michel Platini
57%
P
57%
R
57%
Real Madrid
57%
Roberto Baggio
57%
B
56%
C
56%
ENG
56%
Bobby Charlton
55%
GER
55%
Manchester United
55%
G
54%
NED
54%
Milan
53%
R
53%
Dynamo Moscow
52%
GER
52%
L
52%
Lev Yashin
52%
M
52%
Ruud Gullit
52%
S
52%
URS
52%
Y
52%
Borussia Dortmund
51%
FRA
50%
B
49%
BUL
49%
Internazionale
49%
M
49%
NIR
49%
G
48%
George Best
48%
J
48%
L
48%
Manchester United
48%
Marseille
48%
P
48%
H
47%
Lothar Matthäus
47%
S
47%
Barcelona
46%
Benfica
46%
E
46%
Eusébio
46%
Matthias Sammer
46%
no surname
46%
POR
46%
Jean-Pierre Papin
45%
ENG
44%
FRG
43%
Hristo Stoichkov
43%
Bayern Munich
42%
Blackpool
42%
ESP
42%
Juventus
42%
Bayern Munich
41%
ITA
41%
K
41%
M
41%
P
41%
R
41%
S
41%
K
40%
ENG
39%
L
39%
Paolo Rossi
39%
Karl-Heinz Rummenigge
38%
S
38%
Barcelona
37%
FRA
37%
K
36%
Stanley Matthews
36%
Hamburg
35%
K
35%
Luis Suárez
35%
K
34%
Kevin Keegan
34%
Real Madrid
34%
R
32%
SCO
32%
L
31%
D
30%
DEN
30%
ITA
30%
Manchester United
30%
Raymond Kopa
30%
URS
29%
URS
28%
B
26%
Borussia Mönchengladbach
26%
Dynamo Kyiv
26%
I
26%
ITA
26%
Milan
26%
R
26%
S
26%
HUN
25%
TCH
25%
Denis Law
24%
Dukla Prague
24%
G
24%
A
23%
B
23%
Dynamo Kyiv
23%
Ferencvárosi TC
23%
Gianni Rivera
21%
J
21%
Juventus
21%
O
21%
S
21%
F
20%
M
20%
Allan Simonsen
19%
Oleg Blokhin
17%
Flórián Albert
14%
Igor Belanov
14%
Josef Masopust
14%
Omar Sívori
14%
No matching quizzes found
Score Distribution
Percent of People with Each Score
Percentile by Number Answered
Your Score History
You have not taken this quiz